• 首页
  • 本馆介绍
  • 公告通知
  • 最新文献
  • 馆藏检索
  • 电子资源
  • 读者导购
  • 参考咨询
  • 我的图书馆
  • 登录
  • 详细信息显示
  • 放入我的书架
  • 预约/预借图书
  • 作者相关作品
  • 分类相关作品
  • 丛书相关作品
  • 出版社相关作品

书目信息

  • 表格格式
  • 工作单格式
  • 卡片格式
题名:
中国城市新产业空间--发展机制与空间组织
    
 
作者: 王兴平 著
分册:  
出版信息: 北京   科学出版社  2005.50
页数:
开本: 16开
丛书名:
单 册:
中图分类: F299.23
科图分类:
主题词: 城市经济 , 市政经济
电子资源:
ISBN: 7-03-015161-5
000 00614nam0 2200193 450
001 0736196517
005 20070924100316.51
010    @a7-03-015161-5@d¥36.00
100    @a20070924d km y0chiy0120 ea
101 0  @achi
200 1  @a中国城市新产业空间--发展机制与空间组织@Azhong guo cheng shi xin chan ye kong jian--fa zhan ji zhi yu kong jian zu zhi@f王兴平 著@Fwang xing ping zhu
210    @a北京@c科学出版社@d2005.50
215    @d16开
606 0  @a城市经济
606 0  @a市政经济
690    @aF299.23@v3
701  0 @a王兴平@Awang xing ping@4著
801  0 @aCN@bPFT@c20070924
905    @a213230@dF299.23@eZY04@f1
    
    中国城市新产业空间--发展机制与空间组织/王兴平 著.-北京:科学出版社,2005.50
    16开
    
    
    ISBN 7-03-015161-5:¥36.00
    
●
相关链接 在E读中查询图书 在五车中查询图书 在当当中查询图书 在豆瓣中查询图书


正题名:中国城市新产业空间--发展机制与空间组织     索取号:F299.23/ZY04         预约/预借

序号 登录号 条形码 馆藏地/架位号 状态 备注
1 7901586   279015860   资源管理系资料室/ [索取号:F299.23/ZY04] 在馆    
唐山师范学院图书馆 欢迎您!
大连网信软件有限公司© 版权所有